000 00687nam a2200205Ia 4500
003 GCL
008 140319s9999 xx 000 0 ara d
040 _aGCL /
_cGCL
082 0 4 _a027.8
_bس م
100 1 _aسعد محمد الهجرسى
245 1 0 _aالمكتبات المعلومات بالمدارس والكليات /
_cسعد محمد الهجرسى
300 _a390 ص
490 _aاوراق فى المكتبات والمعلومات
_v0
650 0 4 _aالجامعات والكليات
650 0 4 _aالمعلومات
650 0 4 _aالمكتبات الجامعية
650 0 4 _aالمكتبات
650 0 4 _aالمكتبات المدرسية
942 _2ddc
_cBK
999 _c52112
_d52112